000 01023nam a22002897a 4500
003 CHAP
005 20220329141525.0
008 971013s1989 r 00010 d
010 _a69546
011 _a70518
035 _a79999
040 _cCHAP
090 _aTesis
100 0 0 _aReyes Lucio, Mariano.
_996887
245 _aEvaluación de la adaptación de siete cultivares de coliflor (Brassica oleracea var. botrytis) en la región de Marín, N. L. en el ciclo verano-invierno 1986-87
260 _aMarín, N.L. :
_bEl autor,
_c1989
300 _a200 h.
_b; gráfs., mapas
502 _aTesis (Ing. Agrónomo Fitotecnista) -- Univ. Autónoma de Nuevo Leon34-204
590 _aALEPH
_b10
_c20130110
_lUCH01
_h1408
590 _aBATCH-UPD
_b10
_c20130110
_lUCH01
_h2240
590 _aCONVERSION
_b10
_c20130109
_lUCH01
_h1338
650 1 4 _aColiflor
_xEfecto del medio ambiente.
_925143
650 1 4 _aColiflor
_xVariedades.
_925154
901 _aBK
942 _cTESIS
949 _bBC
_cTES
_d-32893
_eTS1
_h22198
_i79999
_si
999 _c69546
_d69546